000 00198 a2200097 4500
001 10279
100 _aA S A
245 _aSwimming instruction
260 _a
_bEducat.Prod.
_c
090 _c7939
_d7939
942 _aNUST-CAE
_cM
_c34643
999 _c245352
_d245352